|
|
|
|
| LEADER |
01246nas a22002532a 4500 |
| 001 |
000221635 |
| 003 |
CZ BrMZK |
| 005 |
20090414124210.0 |
| 007 |
ta |
| 008 |
970101d19631979fr ar pf 0eng d |
| 040 |
|
|
|a BOA001
|b cze
|
| 245 |
0 |
0 |
|a Council for cultural co-operation and cultural fund :
|b annual report
|
| 260 |
|
|
|a Strassbourg :
|b Council of Europe,
|c 1963-1979
|
| 300 |
|
|
|a ^^^sv.
|
| 310 |
|
|
|a 1x ročně
|
| 710 |
2 |
|
|a Rada Evropy
|7 kn20010711370
|
| 910 |
|
|
|a BOA001
|b PK-C-0000.931
|r 1963-65,67,69-70
|
| 990 |
|
|
|a SE
|
| 996 |
6 |
|
|b 3119636581
|c PK-C-0000.931
|d 1970
|y 1970
|l MZK
|r Sklad / do 1 hodiny
|n 0
|w 000221635
|u 000060
|a 1
|e BOA001
|j MZK50
|s P
|
| 996 |
6 |
|
|b 3119636582
|c PK-C-0000.931
|d 1969
|y 1969
|l MZK
|r Sklad / do 1 hodiny
|n 0
|w 000221635
|u 000050
|a 1
|e BOA001
|j MZK50
|s P
|
| 996 |
6 |
|
|b 3119636583
|c PK-C-0000.931
|d 1967
|y 1967
|l MZK
|r Sklad / do 1 hodiny
|n 0
|w 000221635
|u 000040
|a 1
|e BOA001
|j MZK50
|s P
|
| 996 |
6 |
|
|b 3119636584
|c PK-C-0000.931
|d 1965
|y 1965
|l MZK
|r Sklad / do 1 hodiny
|n 0
|w 000221635
|u 000030
|a 1
|e BOA001
|j MZK50
|s P
|
| 996 |
6 |
|
|b 3119916557
|c PK-C-0000.931
|d 1964
|y 1964
|l MZK
|r Sklad / do 1 hodiny
|n 0
|w 000221635
|u 000020
|a 1
|e BOA001
|j MZK50
|s P
|
| 996 |
6 |
|
|b 3119916558
|c PK-C-0000.931
|d 1963
|y 1963
|l MZK
|r Sklad / do 1 hodiny
|n 0
|w 000221635
|u 000010
|a 1
|e BOA001
|j MZK50
|s P
|